Mitarbeit in der Suchthilfe: Motive, Konflikte, Impulse
| Autor Corporativo: | |
|---|---|
| Otros Autores: | |
| Tipo de documento: | Print Libro |
| Lenguaje: | Alemán |
| Publicado: |
Hamm
Hoheneck-Verl.
1988
|
| En: |
Schriftenreihe zum Problem der Suchtgefahren (30)
Año: 1988 |
| Disponibilidad en Tübingen: | Disponible en Tübingen. UB: 32 A 1993 |
| Verificar disponibilidad: | HBZ Gateway |
| Servicio de pedido Subito: | Pedir ahora. |
| Volúmenes / Artículos: | Mostrar volumes / artículos. |
| Palabras clave: |
MARC
| LEADER | 00000cam a2200000 c 4500 | ||
|---|---|---|---|
| 001 | 276006305 | ||
| 003 | DE-627 | ||
| 005 | 20251129021352.0 | ||
| 007 | tu | ||
| 008 | 990101s1988 gw ||||| 00| ||ger c | ||
| 015 | |a 89,A11,0257 |2 dnb | ||
| 016 | 7 | |a 890399409 |2 DE-101 | |
| 020 | |a 377810828X | ||
| 035 | |a (DE-627)276006305 | ||
| 035 | |a (DE-576)026911280 | ||
| 035 | |a (DE-599)GBV276006305 | ||
| 035 | |a (OCoLC)230932959 | ||
| 035 | |a (OCoLC)22808955 | ||
| 035 | |a (OCoLC)22808955 | ||
| 040 | |a DE-627 |b ger |c DE-627 |e rakwb | ||
| 041 | |a ger | ||
| 044 | |c XA-DE | ||
| 050 | 0 | |a HV5840.G3 | |
| 084 | |a 14 |a 33 |a 11 |2 sdnb | ||
| 084 | |a MS 6470 |2 rvk |0 (DE-625)rvk/123756: | ||
| 084 | |a CW 6940 |2 rvk |0 (DE-625)rvk/19200: | ||
| 084 | |a DS 7500 |2 rvk |0 (DE-625)rvk/19969: | ||
| 245 | 0 | 0 | |a Mitarbeit in der Suchthilfe |b Motive, Konflikte, Impulse |c Deutsche Hauptstelle gegen die Suchtgefahren (Hrsg.) |
| 264 | 1 | |a Hamm |b Hoheneck-Verl. |c 1988 | |
| 300 | |a 405 S. |b graph. Darst. | ||
| 336 | |a Text |b txt |2 rdacontent | ||
| 337 | |a ohne Hilfsmittel zu benutzen |b n |2 rdamedia | ||
| 338 | |a Band |b nc |2 rdacarrier | ||
| 490 | 1 | |a Schriftenreihe zum Problem der Suchtgefahren |v 30 | |
| 500 | |a Literaturangaben | ||
| 650 | 0 | |a Drug addicts |x Congresses |x Rehabilitation |x Germany (West) | |
| 655 | 7 | |a Aufsatzsammlung |0 (DE-588)4143413-4 |0 (DE-627)105605727 |0 (DE-576)209726091 |2 gnd-content | |
| 655 | 7 | |a Konferenzschrift |y 1987 |z Osnabrück |0 (DE-588)1071861417 |0 (DE-627)826484824 |0 (DE-576)433375485 |2 gnd-content | |
| 689 | 0 | 0 | |d s |0 (DE-588)4126446-0 |0 (DE-627)105732346 |0 (DE-576)209585137 |a Suchtkrankenhilfe |2 gnd |
| 689 | 0 | |5 DE-101 | |
| 689 | 1 | 0 | |d s |0 (DE-588)4126446-0 |0 (DE-627)105732346 |0 (DE-576)209585137 |a Suchtkrankenhilfe |2 gnd |
| 689 | 1 | |5 (DE-627) | |
| 689 | 2 | 0 | |d s |0 (DE-588)4126446-0 |0 (DE-627)105732346 |0 (DE-576)209585137 |a Suchtkrankenhilfe |2 gnd |
| 689 | 2 | |5 (DE-627) | |
| 700 | 1 | |a Ries, Heinz A. |e Mitarb. |4 oth | |
| 710 | 2 | |a Deutsche Hauptstelle gegen die Suchtgefahren |0 (DE-588)40306-4 |0 (DE-627)100922813 |0 (DE-576)190370734 |4 oth | |
| 830 | 0 | |a Schriftenreihe zum Problem der Suchtgefahren |v 30 |9 30 |w (DE-627)130193917 |w (DE-576)015737470 |w (DE-600)530043-5 |x 0487-7594 |7 am | |
| 889 | |w (DE-627)026747537 | ||
| 935 | |i mdedup | ||
| 935 | |i Blocktest | ||
| 936 | r | v | |a MS 6470 |b Sozialarbeit; Hilfsorganisation, Rehabilitation, Sozialpädagogik, Resozialisierung, Bewährungshilfe |k Soziologie |k Spezielle Soziologien |k Soziale Probleme |k Sozialarbeit; Hilfsorganisation, Rehabilitation, Sozialpädagogik, Resozialisierung, Bewährungshilfe |0 (DE-627)1270651951 |0 (DE-625)rvk/123756: |0 (DE-576)200651951 |
| 936 | r | v | |a CW 6940 |b Suchtgefährdung |k Psychologie |k Angewandte Psychologie |k Suchtgefährdung |0 (DE-627)1270707868 |0 (DE-625)rvk/19200: |0 (DE-576)200707868 |
| 936 | r | v | |a DS 7500 |b Betreuung von Suchtkranken, Drogenerziehung |k Pädagogik |k Sozialpädagogik, Sozialarbeit |k Berufsfelder |k Betreuung von Suchtkranken, Drogenerziehung |0 (DE-627)1270784536 |0 (DE-625)rvk/19969: |0 (DE-576)200784536 |
| 951 | |a BO | ||
| ELC | |b 1 | ||
| LOK | |0 000 xxxxxcx a22 zn 4500 | ||
| LOK | |0 001 3099439096 | ||
| LOK | |0 003 DE-627 | ||
| LOK | |0 004 276006305 | ||
| LOK | |0 005 19920401000000 | ||
| LOK | |0 008 920401||||||||||||||||ger||||||| | ||
| LOK | |0 040 |a DE-21 |c DE-627 |d DE-21 | ||
| LOK | |0 852 |a DE-21 | ||
| LOK | |0 852 1 |c 32 A 1993 |9 00 | ||
| LOK | |0 939 |a 01-04-92 |b l01 | ||
| LOK | |0 000 xxxxxcx a22 zn 4500 | ||
| LOK | |0 001 3099439150 | ||
| LOK | |0 003 DE-627 | ||
| LOK | |0 004 276006305 | ||
| LOK | |0 005 20140204105524 | ||
| LOK | |0 008 131122||||||||||||||||ger||||||| | ||
| LOK | |0 040 |a DE-21-110 |c DE-627 |d DE-21-110 | ||
| LOK | |0 689 |a s |a Teamarbeit | ||
| LOK | |0 689 |a s |a Suchtkrankenhilfe | ||
| LOK | |0 689 |a s |a Rückfälligkeit | ||
| LOK | |0 689 |a s |a Sucht | ||
| LOK | |0 689 |a s |a Berufsforschung | ||
| LOK | |0 689 |a s |a Mitarbeiter | ||
| LOK | |0 852 |z Kein Bestand am IfK; Nachweis für KrimDok | ||
| LOK | |0 852 |a DE-21-110 | ||
| LOK | |0 852 1 |m v |9 00 | ||
| LOK | |0 935 |a k110 | ||
| LOK | |0 938 |k v | ||
| LOK | |0 939 |a 22-11-13 |b l01 | ||
| LOK | |0 000 xxxxxcx a22 zn 4500 | ||
| LOK | |0 001 3099439282 | ||
| LOK | |0 003 DE-627 | ||
| LOK | |0 004 276006305 | ||
| LOK | |0 005 20181108104651 | ||
| LOK | |0 008 181108||||||||||||||||ger||||||| | ||
| LOK | |0 040 |a DE-Frei85 |c DE-627 |d DE-Frei85 | ||
| LOK | |0 852 |a DE-Frei85 | ||
| LOK | |0 852 1 |m p |9 00 | ||
| LOK | |0 938 |k p | ||
| LOK | |0 939 |a 08-11-18 |b l01 | ||
| ORI | |a WA-MARC-krimdokb001.raw | ||
| SIG | |a UB: 32 A 1993 | ||
| SPR | |a 1 |t KRI | ||
| TIM | |a 100019870101_100019871231 |b 1987 - 1987 | ||
